| 000 | 00512nam a2200181 a 4500 | ||
|---|---|---|---|
| 005 | 20140310183259.0 | ||
| 008 | 041123s19uu xx 00 eng d | ||
| 050 |
_aQA 76.5 _b.P699 2000 |
||
| 100 | _aPlanas, Reginald. | ||
| 245 |
_aUnderstanding computers : _bresearch. / _cReginald Planas |
||
| 260 |
_aManila : _bRedman Printing, _c2000. |
||
| 300 |
_a257 p. : _bill. ; _c25 cm. |
||
| 521 | _aIT | ||
| 650 | _aComputers. | ||
| 650 | _aElectronic data processing. | ||
| 942 |
_cBK _2lcc _kLOC |
||
| 999 |
_c20928 _d20928 |
||